000 00490nam a2200145Ia 4500
008 100204s9999 xx 000 0 und d
082 _b14823
100 _aक्षेत्रमाडे सुमती
245 _aसिंधुदुर्ग
260 _b"बांदोडकर पब्लिशिंग हाऊस, गोवा"
_c1988
300 _a172
630 _aसिंधुदुर्ग
730 _aसिंधुदुर्ग
942 _cBOOK
999 _c459254
_d459251